Zdokonalenie systému odmeňovania zamestnancov v podniku SLK, a. s., Komárno : Diplomová práca

Uložené v:
Podrobná bibliografia
Hlavný autor: Satková, Eva (Autor)
Ďalší autori: Čambál, Miloš, 1966- (xxx)
Médium: Rukopis Kniha
Jazyk:Slovak
Vydavateľské údaje: Trnava : STU v Bratislave MtF KMK, 2000
Predmet:
Tagy: Pridať tag
Žiadne tagy, Buďte prvý, kto otaguje tento záznam!

MARC

LEADER 00000ntm a22000003a 4500
001 stu79089
005 20160719155007.3
008 030220s2000----xo------------------slo-d
040 |a STU  |b slo 
041 0 |a slo 
044 |a xo 
100 1 |a Satková, Eva  |4 aut 
245 1 |a Zdokonalenie systému odmeňovania zamestnancov v podniku SLK, a. s., Komárno :  |b Diplomová práca 
260 |a Trnava :  |b STU v Bratislave MtF KMK,  |c 2000 
300 |a 80 s  |c abstr. 
650 7 |a systémy odmeňovania  |2 stusub 
650 7 |a manažment priemyselných podnikov  |2 stusub 
700 1 |a Čambál, Miloš,  |d 1966-  |4 xxx  |u M4000  |U MTF Materiálovotechnologická fakulta  |T MTF Ústav priemyselného inžinierstva a manažmentu  |X 279  |U M4000  |Y 84  |7 A000000279 
996 |b 284M037137  |c M*DP-1837  |l MMSKP  |s P  |a 0  |w stu79089_0001